| 000 | 00532nam a2200253Ia 4500 | ||
|---|---|---|---|
| 005 | 20251020182542.0 | ||
| 008 | 200515s9999 xx 000 0 und d | ||
| 082 | _a741:693/D72 | ||
| 100 | _aDOBER, Wam | ||
| 245 | 0 | _aCales, cementos y hormigones | |
| 260 | _aBarcelona | ||
| 260 | _c19?? | ||
| 300 | _a234 | ||
| 500 | _a1 ejemplar | ||
| 650 | _aCAL | ||
| 650 | _aCEMENTO | ||
| 650 | _aCONCRETO | ||
| 650 | _aLIB | ||
| 650 | _aMORTEROS | ||
| 650 | _aPISOS | ||
| 650 | _aPUZOLANAS | ||
| 650 | _aYESO | ||
| 942 | _cLIB | ||
| 999 |
_c2432 _d2432 |
||